|
|
|
|
| LEADER |
00000nab a2200000 a 4500 |
| 001 |
vtls000519856 |
| 003 |
SK-MaSNL |
| 005 |
20260304090220.0 |
| 008 |
250425c1994 xo 0 slo |
| 015 |
|
|
|a SNBRB19rr/mm-uuuuu
|
| 035 |
|
|
|a CL0519994
|
| 035 |
|
|
|a urn:nbn:sk:snk-abbohu
|
| 035 |
|
|
|a (urnnbn)urn:nbn:sk:snk:ar-a09ui4
|
| 035 |
|
|
|a (uuid)01a6c826-ce06-408d-8569-e59670a6d1b0
|
| 040 |
|
|
|a SNKBUCL
|b slo
|c SNKBUCL
|e AACR2
|
| 041 |
0 |
|
|a slo
|
| 044 |
|
|
|a xo
|c SK
|
| 080 |
|
|
|a 621.95.01:517.93:539.4
|2 1981
|
| 080 |
|
|
|a 517.93
|2 1981
|
| 080 |
|
|
|a 539.4
|2 1981
|
| 100 |
1 |
|
|a Vadovič, Fridrich,
|d 1926-1995
|4 aut
|9 197006
|
| 245 |
1 |
0 |
|a Príspevok k novým metódam stanovenia rezných síl pri vŕtaní
|c Fridrich Vadovič, Zdenko Lipa
|
| 300 |
|
|
|b Graf 1, tab. 2, res. angl., lit. 6 zázn. v češ., ruš., slov.
|
| 650 |
0 |
7 |
|a vŕtanie
|2 snkbucl
|9 26031
|
| 650 |
0 |
7 |
|a sily rezné
|2 snkbucl
|9 973180
|
| 655 |
|
7 |
|a články z novín a časopisov
|2 snkbucl
|9 267496
|
| 700 |
1 |
|
|a Lipa, Zdenko,
|d 1944-
|4 aut
|9 213055
|
| 773 |
0 |
|
|t Strojnícky časopis
|g Roč. 45, č. 3 (1994), s. 265-275
|x 0039-2472
|
| 850 |
|
|
|a Slovenská národná knižnica
|
| 852 |
|
|
|a Slovenská národná knižnica
|
| 954 |
|
|
|a odborná, vedecká literatúra pôvodná (slovenská)
|2 lita
|
| 958 |
|
|
|a article15
|
| 958 |
|
|
|a NB
|
| 958 |
|
|
|a RK
|
| 958 |
|
|
|a OND
|
| 958 |
|
|
|a EUIPO
|
| 992 |
|
|
|a RBX
|
| 999 |
|
|
|c 2810735
|d 2812665
|